00629nam a2200181 a 450000100100000000500170001000800410002702000150006804000250008310000250010824500680013326000370020130000360023850000210027450400300029595201050032599900170043000004309120201002040630.0140218s1999 enkac 001 0 spa d a1903040019 aDO-SdBNPbspacBNPHU1 aBull, Stephen97061610aStormtrooper. :belite German assault soldiers /cStephen Bull. aLondon, :bGreat Britain,c1999. a144 p. :bil., retrs. ;c31 cm. aIncluye índice aBibliografía p: 139-140 001050718MOaGRbGRcCTd2014-02-18iLF1l0o p43091-10r2020-06-25w2020-06-25y1ZNo se presta c42580d42580